|
|
|
|
| LEADER |
00784cam a2200229 7i4500 |
| 001 |
0000034776 |
| 005 |
20171213090000.0 |
| 007 |
##ta |
| 008 |
171213s2017 |
| 040 |
# |
# |
|a MATR
|
| 090 |
0 |
0 |
|a EGPT 641.302
|b HEA
|
| 245 |
0 |
0 |
|a HEALTH AND WELLNESS IN EGYPT
|c Euromonitor International.
|
| 264 |
# |
1 |
|a London:
|b Euromonitor International,
|c 2016.
|
| 300 |
# |
# |
|a 80 pages:
|b illustrations;
|c 30 cm.
|
| 336 |
# |
# |
|a text
|2 rdacontent
|
| 337 |
# |
# |
|a unmediated
|2 rdamedia
|
| 338 |
# |
# |
|a volume
|2 rdacarrier
|
| 490 |
0 |
# |
|a Market report - May 2016
|
| 650 |
# |
0 |
|a Health products --
|x Markets --
|z Egypt
|
| 650 |
# |
0 |
|a Healthy food --
|x Markets --
|z Egypt
|
| 650 |
# |
0 |
|a Health and beauty retailers --
|x Markets --
|z Egypt
|
| 999 |
|
|
|a B000039557
|b Book
|c Countries
|e Business Information Centre
|